Loading...
| Science - Chemistry | 0 | 4 | 0 | 1 | 40 | 67 | 91.00 | 0 | 2 | 9.21 | 17.61 |
| Literature - World/Other | 0 | 4 | 1 | 3 | 35 | 118 | 136.25 | 0 | 0 | 2.95 | 11.28 |
| Fine Arts - Classical Music | 0 | 2 | 0 | 0 | 20 | 37 | 85.50 | 0 | 1 | 6.99 | 10.00 |
| Literature - American | 0 | 2 | 0 | 0 | 20 | 99 | 119.00 | 0 | 0 | 3.19 | 5.00 |
| Mythology | 0 | 2 | 0 | 1 | 20 | 117 | 132.50 | 0 | 0 | 1.40 | 7.11 |
| Religion | 0 | 2 | 0 | 1 | 20 | 108 | 113.50 | 0 | 0 | 0.92 | 4.50 |
| Science - Physics | 0 | 2 | 1 | 0 | 15 | 60 | 82.50 | 0 | 1 | 6.60 | 8.78 |
| Science - Other | 0 | 1 | 0 | 0 | 10 | 88 | 88.00 | 0 | 0 | 2.85 | 4.44 |
| Science - Biology | 0 | 1 | 0 | 0 | 10 | 115 | 115.00 | 0 | 0 | 0.34 | 1.00 |
| Literature - British | 0 | 1 | 0 | 1 | 10 | 131 | 131.00 | 0 | 0 | 0.08 | 2.22 |
| Fine Arts - Visual | 0 | 1 | 0 | 1 | 10 | 144 | 144.00 | 0 | 0 | 0.00 | 1.82 |
| Fine Arts - Other | 0 | 0 | 0 | 0 | 0 | 0.00 | 0 | 0 | 0.00 | 0.00 |